000 00584 a2200193 4500
001 62210
005 20260407155916.0
008 260407a1979 arg spa d
003 AR-UNSa-BCEJYS
040 _aAR-UNSa-BCEJYS
_bspa
_cAR-UNSa-BCEJYS
080 _a349.2
_xDerecho del Trabajo
245 1 0 _aLa indexación en el derecho del trabajo
_pProblemática legal y constitucional
264 1 _aBuenos Aires :
_bEdiciones Depalma
_c1979
300 _a127 p.
_c23 cm.
041 _aspa
942 _cBK
590 _aniveau_biblio:m niveau_hierar:0
100 1 _aSagüés, Néstor Pedro
999 _c7609
_d7609